God, guns, capitalism, and hypermasculinity: commentaries on the culture of firearms in the United States
| Main Author: | |
|---|---|
| Corporate Author: | |
| Format: | Electronic Book |
| Language: | English |
| Published: |
New York Bern Berlin Brussels Vienna Oxford Warsaw
Peter Lang
2021
|
| In: | Year: 2021 |
| Online Access: |
Inhaltstext (Publisher) Table of Contents Blurb Unbekannt (Publisher) |
| Check availability: | HBZ Gateway |
| Subito Delivery Service: | Order now. |
| Keywords: | |
| Parallel Edition: | Non-electronic
|
MARC
| LEADER | 00000cam a22000002c 4500 | ||
|---|---|---|---|
| 001 | 1815104805 | ||
| 003 | DE-627 | ||
| 005 | 20251226203637.0 | ||
| 007 | cr uuu---uuuuu | ||
| 008 | 220824s2021 xxu|||||o 00| ||eng c | ||
| 020 | |a 9781433191879 |c PDF |9 978-1-4331-9187-9 | ||
| 020 | |a 9781433191886 |c ePub |9 978-1-4331-9188-6 | ||
| 035 | |a (DE-627)1815104805 | ||
| 035 | |a (DE-599)KXP1815104805 | ||
| 035 | |a (OCoLC)1341989832 | ||
| 040 | |a DE-627 |b ger |c DE-627 |e rakwb | ||
| 041 | |a eng | ||
| 044 | |c XD-US | ||
| 082 | 0 | |a 363.330973 |q DE-101 | |
| 082 | 0 | 4 | |a 360 |q DE-101 |
| 084 | |a 2,1 |a 1 |2 ssgn | ||
| 084 | |a 89.63 |2 bkl | ||
| 084 | |a 89.87 |2 bkl | ||
| 084 | |a 89.62 |2 bkl | ||
| 100 | 1 | |a Blumenfeld, Warren J. |d 1947- |e VerfasserIn |0 (DE-588)1209624621 |0 (DE-627)1697305482 |4 aut | |
| 109 | |a Blumenfeld, Warren J. 1947- |a Blumenfeld, Warren Jay 1947- |a Blumenfeld, Warren 1947- | ||
| 245 | 1 | 0 | |a God, guns, capitalism, and hypermasculinity |b commentaries on the culture of firearms in the United States |c Warren J. Blumenfeld |
| 264 | 1 | |a New York |a Bern |a Berlin |a Brussels |a Vienna |a Oxford |a Warsaw |b Peter Lang |c 2021 | |
| 336 | |a Text |b txt |2 rdacontent | ||
| 337 | |a Computermedien |b c |2 rdamedia | ||
| 338 | |a Online-Ressource |b cr |2 rdacarrier | ||
| 490 | 0 | |a Equity in Higher Education |v 16 | |
| 650 | 0 | 7 | |0 (DE-588)4123335-9 |0 (DE-627)105755923 |0 (DE-576)209558857 |a Handfeuerwaffe |2 gnd |
| 650 | 0 | 7 | |0 (DE-588)4512618-5 |0 (DE-627)248393162 |0 (DE-576)213164345 |a Opfer |g Sozialpsychologie |2 gnd |
| 650 | 0 | 7 | |0 (DE-588)4187869-3 |0 (DE-627)105268895 |0 (DE-576)210048794 |a Verletzter |2 gnd |
| 650 | 0 | 7 | |0 (DE-588)4049396-9 |0 (DE-627)106187155 |0 (DE-576)209081880 |a Religion |2 gnd |
| 650 | 0 | 7 | |0 (DE-588)4029577-1 |0 (DE-627)106273728 |0 (DE-576)20898318X |a Kapitalismus |2 gnd |
| 650 | 0 | 7 | |0 (DE-588)4123701-8 |0 (DE-627)104682345 |0 (DE-576)209561939 |a Männlichkeit |2 gnd |
| 650 | 0 | 7 | |0 (DE-588)4000973-7 |0 (DE-627)106399241 |0 (DE-576)208840400 |a Aktivismus |2 gnd |
| 650 | 0 | 7 | |0 (DE-588)4115716-3 |0 (DE-627)10581220X |0 (DE-576)209495499 |a Reform |2 gnd |
| 651 | 7 | |0 (DE-588)4078704-7 |0 (DE-627)106076612 |0 (DE-576)209209682 |a Usa |2 gnd | |
| 689 | 0 | 0 | |d g |0 (DE-588)4078704-7 |0 (DE-627)106076612 |0 (DE-576)209209682 |a USA |2 gnd |
| 689 | 0 | 1 | |d s |0 (DE-588)4044914-2 |0 (DE-627)106203797 |0 (DE-576)209062878 |a Patriarchat |2 gnd |
| 689 | 0 | 2 | |d s |0 (DE-588)4029577-1 |0 (DE-627)106273728 |0 (DE-576)20898318X |a Kapitalismus |2 gnd |
| 689 | 0 | 3 | |d s |0 (DE-588)4516609-2 |0 (DE-627)249353555 |0 (DE-576)213243857 |a Waffenbesitz |2 gnd |
| 689 | 0 | 4 | |d s |0 (DE-588)4036097-0 |0 (DE-627)106244361 |0 (DE-576)20901640X |a Lobbyismus |2 gnd |
| 689 | 0 | 5 | |d s |0 (DE-588)4079262-6 |0 (DE-627)104675039 |0 (DE-576)209211776 |a Widerstand |2 gnd |
| 689 | 0 | 5 | |d s |0 (DE-588)4000973-7 |0 (DE-627)106399241 |0 (DE-576)208840400 |a Aktivismus |2 gnd |
| 689 | 0 | |5 DE-101 | |
| 710 | 2 | |a Peter Lang Publishing Inc. |e Verlag |0 (DE-588)1065504276 |0 (DE-627)816766282 |0 (DE-576)425246884 |4 pbl | |
| 776 | 1 | |z 9781433191862 | |
| 776 | 1 | |z 1433191865 | |
| 776 | 0 | 8 | |i Erscheint auch als |n Druck-Ausgabe |a Blumenfeld, Warren J., 1947 - |t God, guns, capitalism, and hypermasculinity |d New York : Peter Lang, 2021 |h viii, 231 Seiten |w (DE-627)1769740058 |z 9781433191862 |z 1433191865 |k Non-Electronic |
| 856 | 4 | 2 | |u http://deposit.dnb.de/cgi-bin/dokserv?id=819ceba0fa42466a82f57eba8e59f978&prov=M&dok_var=1&dok_ext=htm |m X:MVB |q text/html |v 2021-09-08 |x Verlag |3 Inhaltstext |7 1 |
| 856 | 4 | 2 | |u https://www.peterlang.com/view/product/97529?format=PBK |m X:MVB |v 2021-09-08 |x Verlag |3 Unbekannt |7 1 |
| 856 | 4 | 2 | |u https://swbplus.bsz-bw.de/bsz1769740058inh.htm |m V:DE-576 |m B:DE-21 |q application/pdf |v 20211216101716 |3 Inhaltsverzeichnis |7 1 |
| 856 | 4 | 2 | |u https://swbplus.bsz-bw.de/bsz1769740058kla.htm |m V:DE-576 |m B:DE-21 |q application/pdf |v 20211216101716 |3 Klappentext |7 1 |
| 936 | b | k | |a 89.63 |j Pressure-groups |q SEPA |0 (DE-627)106418289 |
| 936 | b | k | |a 89.87 |j Waffen |j Kampfmittel |q SEPA |0 (DE-627)106423533 |
| 936 | b | k | |a 89.62 |j Politische Bewegungen |q SEPA |0 (DE-627)106417169 |
| 951 | |a BO | ||
| ELC | |a 1 | ||
| ORI | |a SA-MARC-krimdok_oa001.raw | ||
